000 00580nam a2200205Ia 4500
003 GCL
008 140319s9999 xx 000 0 ara d
040 _aGCL /
_cGCL
082 0 4 _a370.1
_bم م
100 1 _aمحمود السيد سلطان
245 1 0 _aمقدمة فى التربية /
_cمحمود السيد سلطان
260 _a[S.N] :
_bدار المعارف ،
_c1979
300 _a174 ص
490 _a
650 0 4 _aالتعليم
650 0 4 _aالتربية
650 0 4 _aعلم النفس التربوى
650 0 4 _aالمدرسون
942 _2ddc
_cBK
999 _c27679
_d27679